000 00988nas a2200289 4500
001 BR2014000983
003 BR-BrBNA
005 20231205123723.0
007 ta
008 230509b bl.|||p| |||| 00| 00por d
040 _aBR-BrBNA
_bpor
_cBiblioteca Nacional de Agricultura
041 _a(Pt)
072 _aQ02
100 1 _aSilva, W.P. da
100 1 _aSilva, C.M.D.P.S. e
100 1 _aPrecker, J.W.
100 1 _aSilva, D.P.S. e
245 1 _aInfluência da temperatura do ar de secagem no calor latente de vaporização de água em feijão macassar (Vigna unguiculata (L.)Walp.), variedade sempre-verde
650 _aDESIDRATAÇÃO
650 _aTECNOLOGIA DE ALIMENTO
650 _aCALORIMETRIA
650 _aENERGIA
773 0 _tEngenharia Agrícola (Brazil)
_xISSN 0100-6916
_g(Apr-Jun 2008), v. 28(2) p. 315-324
_wBR2014000983
856 4 0 _uhttp://www.scielo.br/pdf/eagri/v28n2/a12v28n2.pdf
909 _a202311
_bLúcia
_c55
_dLúcia Elande
942 _2AGRIS
_n0
_cANA
999 _c235351
_d235351